The encyclopedia of oil painting techniques
| Main Author: | |
|---|---|
| Format: | Book |
| Published: |
London :
Headline Book Publishing ,
1992
|
| Subjects: |
MARC
| LEADER | 00000cam a2200000 7i4500 | ||
|---|---|---|---|
| 001 | 0000002842 | ||
| 002 | 000003076 | ||
| 005 | 20000330.0 | ||
| 020 | |a 0747278962 | ||
| 090 | 0 | 0 | |a 751.45 |b GAL |
| 100 | 1 | |a Galtron, Jeremy | |
| 245 | 1 | 4 | |a The encyclopedia of oil painting techniques |c Jeremy Galton |
| 260 | |a London : |b Headline Book Publishing , |c 1992 | ||
| 300 | |a 192 p. : |b ill. ; |c 22 cm. | ||
| 650 | 0 | 0 | |a Oil painting |x Techniques |
| 999 | |a 035176 |b BUKU |c PINJAMAN |e PERPUSTAKAAN KOMUNITI PETALING JAYA | ||